| 000 | 01486cam a22001934a 4500 | ||
|---|---|---|---|
| 005 | 20250605164404.0 | ||
| 008 | 250528s ||||||||||||||||||||||||d | ||
| 035 | _a24757 | ||
| 020 | _a9789605310981 | ||
| 040 |
_aGR-AtMCL _bgre _dGR-AtMCL _eAACR2 |
||
| 245 | 1 | _aΕισαγωγή στην Επικοινωνία Ανθρώπου- Υπολογιστή | |
| 260 |
_bΔίαυλος, _c2000 |
||
| 300 | _a274 | ||
| 520 | _aΣτο Συγκεκριμένο Βιβλίο μελετά την Αλληλεπίδραση Ανθρώπων - Υπολογιστών (Human - Computer Interaction), προτείνει Τεχνικές για το Σχεδιασμό, την Ανάπτυξη και την Αξιολόγηση Εύχρηστων Υπολογιστικών Συστημάτων. Ακόμη, απευθύνεται σε Σπουδαστές και Επιστήμονες Υπολογιστών και Πληροφορικής, σε όσους ενδιαφέρονται να μελετήσουν την Αλληλεπίδραση Ανθρώπου-Υπολογιστή και για όσους εμπλέκονται στο Σχεδιασμό, την Ανάπτυξη, τη Σύνταξη Προδιαγραφών και την Αξιολόγηση Υπολογιστικών Συστημάτων που Αλληλεπιδρούν με τους Χρήστες τους. | ||
| 700 | 1 |
_aΝικόλαος Αβούρης _99532 |
|
| 942 | _cBK | ||
| 999 |
_c9611 _d9611 |
||